[Event "RUS-ch Men Rapid 2019"]
[Site "Sochi"]
[Date "2019.10.16"]
[Round "9.21"]
[White "Savchenko, Boris"]
[Black "Denishev, Marat"]
[Result "1-0"]
[WhiteElo "2581"]
[BlackElo "2332"]
[Annotator "ChessBase"]
[PlyCount "79"]
[EventDate "2019.10.15"]
[EventType "swiss"]
[EventCountry "RUS"]
[SourceTitle "playchess.com"]
[Source "ChessBase"]
[SourceQuality "1"]
[TimeControl "900+10"]

1. e4 {[%emt 0:00:00]} c5 {[%emt 0:00:01]} 2. Nf3 {[%emt 0:00:00]} d6 {[%emt 0:00:03]} 3. c3 {[%emt 0:00:07]} Nf6 {[%emt 0:00:13]} 4. g3 {[%emt 0:00:02]} g6 {[%emt 0:00:03]} 5. Bg2 {[%emt 0:00:03]} Bg7 {[%emt 0:00:06]} 6. O-O {[%emt 0:00:03]} O-O {[%emt 0:00:05]} 7. Re1 {[%emt 0:00:02]} e5 {[%emt 0:00:25]} 8. a4 {[%emt 0:00:12]} Nc6 {[%emt 0:00:12]} 9. d3 {[%emt 0:00:15]} h6 {[%emt 0:00:56]} 10. Na3 {[%emt 0:00:44]} Be6 {[%emt 0:00:22]} 11. d4 {[%emt 0:03:30]} exd4 {[%emt 0:00:57]} 12. cxd4 {[%emt 0:00:02]} Bg4 {[%emt 0:00:24]} 13. d5 {[%emt 0:01:52]} Nd4 {[%emt 0:01:17]} 14. Qd3 {[%emt 0:01:23]} Bxf3 {[%emt 0:01:42]} 15. Bxf3 {[%emt 0:00:02]} Re8 {[%emt 0:00:57]} 16. Bd2 {[%emt 0:02:21]} Nd7 {[%emt 0:01:32]} 17. Nc4 {[%emt 0:00:32]} Ne5 {[%emt 0:01:33]} 18. Nxe5 {[%emt 0:00:03]} Bxe5 {[%emt 0:00:34]} 19. Bxh6 {[%emt 0:01:28]} Qf6 {[%emt 0:00:14]} 20. Bg2 {[%emt 0:00:09]} g5 {[%emt 0:00:22]} 21. Bxg5 {[%emt 0:00:19]} Qxg5 {[%emt 0:00:02]} 22. f4 {[%emt 0:00:02]} Bxf4 {[%emt 0:00:45]} 23. gxf4 {[%emt 0:00:10]} Qxf4 {[%emt 0:00:01]} 24. b4 {[%emt 0:00:20]} b6 {[%emt 0:00:19]} 25. Re3 {[%emt 0:00:30]} Re5 {[%emt 0:01:02]} 26. Rf1 {[%emt 0:00:07]} Qh6 {[%emt 0:00:47]} 27. Rg3+ {[%emt 0:00:09]} Kf8 {[%emt 0:00:25]} 28. Rh3 {[%emt 0:01:07]} Qg7 {[%emt 0:00:28]} 29. Rh4 {[%emt 0:00:34]} Rg5 {[%emt 0:00:27]} 30. Qh3 {[%emt 0:00:13]} Ke7 {[%emt 0:00:31]} 31. Rh7 {[%emt 0:00:39]} Rxg2+ {[%emt 0:02:18]} 32. Kh1 {[%emt 0:00:03]} Rg8 {[%emt 0:00:37]} 33. Rxg7 {[%emt 0:00:07]} R2xg7 {[%emt 0:00:02]} 34. bxc5 {[%emt 0:00:10]} bxc5 {[%emt 0:00:33]} 35. Rb1 {[%emt 0:00:33]} f5 {[%emt 0:00:23]} 36. exf5 {[%emt 0:02:17]} Kf6 {[%emt 0:00:08]} 37. Re1 {[%emt 0:00:24]} Rg5 {[%emt 0:00:10]} 38. Qh6+ {[%emt 0:00:16]} Kxf5 {[%emt 0:00:05]} 39. Qxd6 {[%emt 0:00:06]} Nf3 {[%emt 0:00:17]} 40. Qe6+ {[%emt 0:00:02]} 1-0

[Event "RUS-ch Men Rapid 2019"]
[Site "Sochi"]
[Date "2019.10.16"]
[Round "9.22"]
[White "Dudin, Gleb"]
[Black "Yuffa, Daniil"]
[Result "1-0"]
[WhiteElo "2323"]
[BlackElo "2577"]
[Annotator "ChessBase"]
[PlyCount "55"]
[EventDate "2019.10.15"]
[EventType "swiss"]
[EventCountry "RUS"]
[SourceTitle "playchess.com"]
[Source "ChessBase"]
[SourceQuality "1"]
[TimeControl "900+10"]

1. d4 {[%emt 0:00:08]} Nf6 {[%emt 0:00:00]} 2. c4 {[%emt 0:00:01]} g6 {[%emt 0:00:00]} 3. Nc3 {[%emt 0:00:01]} Bg7 {[%emt 0:00:00]} 4. e4 {[%emt 0:00:01]} d6 {[%emt 0:00:00]} 5. Be2 {[%emt 0:00:01]} O-O {[%emt 0:00:00]} 6. Be3 {[%emt 0:00:02]} c5 {[%emt 0:00:00]} 7. e5 {[%emt 0:00:02]} Nfd7 {[%emt 0:00:35]} 8. exd6 {[%emt 0:00:04]} exd6 {[%emt 0:00:06]} 9. Nf3 {[%emt 0:00:06]} Nc6 {[%emt 0:00:07]} 10. O-O {[%emt 0:00:12]} a6 {[%emt 0:00:09]} 11. Qd2 {[%emt 0:00:42]} Re8 {[%emt 0:00:33]} 12. Rad1 {[%emt 0:00:56]} Qa5 {[%emt 0:00:53]} 13. Rfe1 {[%emt 0:01:17]} Nf6 {[%emt 0:00:19]} 14. h3 {[%emt 0:00:50]} Bf5 {[%emt 0:00:47]} 15. b3 {[%emt 0:03:35]} Rad8 {[%emt 0:01:19]} 16. Bf1 {[%emt 0:03:26]} h6 {[%emt 0:01:51]} 17. Qc1 {[%emt 0:02:46]} Kh7 {[%emt 0:00:22]} 18. Na4 {[%emt 0:00:58]} Ne4 {[%emt 0:02:00]} 19. dxc5 {[%emt 0:01:02]} dxc5 {[%emt 0:00:14]} 20. Rd5 {[%emt 0:00:20]} Rxd5 {[%emt 0:00:30]} 21. cxd5 {[%emt 0:00:03]} Nd4 {[%emt 0:00:01]} 22. Nd2 {[%emt 0:00:44]} b5 {[%emt 0:03:59]} 23. Nxe4 {[%emt 0:00:28]} Bxe4 {[%emt 0:00:23]} 24. Nxc5 {[%emt 0:00:18]} Bxd5 {[%emt 0:00:12]} 25. Rd1 {[%emt 0:00:14]} Bf3 {[%emt 0:02:22]} 26. Rxd4 {[%emt 0:00:30]} Bxd4 {[%emt 0:00:19]} 27. Bxd4 {[%emt 0:00:02]} Bd5 {[%emt 0:01:11]} 28. Nd7 1-0

[Event "RUS-ch Men Rapid 2019"]
[Site "Sochi"]
[Date "2019.10.16"]
[Round "9.23"]
[White "Gorbatov, Alexej"]
[Black "Morozevich, Alexander"]
[Result "1/2-1/2"]
[WhiteElo "2355"]
[BlackElo "2659"]
[Annotator "TA"]
[PlyCount "140"]
[EventDate "2019.10.15"]
[EventType "swiss"]
[EventCountry "RUS"]
[SourceTitle "playchess.com"]
[Source "ChessBase"]
[SourceQuality "1"]

{[%evp 17,140,82,93,92,100,98,96,83,78,77,96,32,82,66,85,72,95,109,92,37,51,4,61,58,54,15,9,0,20,-30,-33,-145,-149,-144,-116,-141,-142,-145,-161,-214,-212,-262,-266,-254,-142,-303,-298,-279,-266,-255,-272,-401,-295,-391,-242,-249,-178,-243,-243,-243,-243,-327,-318,-318,-290,-334,-335,-326,-322,-330,-258,-255,-248,-283,-275,-359,-373,-369,-333,-420,-414,-604,-590,-595,-514,-609,-600,-635,-620,-1488,-1260,-1079,-1084,-839,-1766,-1933,-1711,-1959,-1854,-1994,-1972,-1419,-1058,-29979,-29976,-29982,-29983,-29983,-29984,-29984,-29985,-29988,-29989,-29989,-29990,-29990,-29991,-29991,-29992,-29992,-29984,-29985,-29986,-29986,-29987]} 1. e4 c5 2. Nf3 g6 3. c4 Bg7 4. d4 d6 5. d5 Nf6 6. Bd3 O-O 7. h3 e6 8. O-O e5 9. Nc3 Na6 10. a3 {E90: King's Indian: Classical: Early deviations and 6 h3} Kh8 11. Rb1 Ng8 12. b4 $146 {White is better.} ({Predecessor:} 12. Nh2 f5 13. f4 exf4 14. Bxf4 g5 15. Bd2 f4 16. Qh5 h6 17. h4 Nf6 {1-0 (72) Harikrishna,P (2668)-Ivanisevic,I (2664) Kallithea 2008}) 12... f5 13. Bc2 Bh6 14. Bb2 ({White should play} 14. Re1 $16) 14... Nf6 15. Ba1 b6 16. Re1 Nc7 17. bxc5 bxc5 18. Bd3 (18. exf5 $16 gxf5 19. Ne2) 18... Nce8 $14 19. Qa4 Qd7 (19... Kg8 $11) 20. Qxd7 Bxd7 21. Rb7 Bc8 22. Rbb1 (22. Re7 {feels hotter.} Kg8 23. h4 fxe4 24. Nxe4 Nxe4 25. Bxe4 Nf6 26. Bd3) 22... Kg8 23. Re2 fxe4 24. Nxe4 (24. Bxe4 $15 Ba6 25. Bd3) 24... Nxe4 $17 25. Bxe4 {[#] White wants to play Nxe5.} Nf6 $1 {[%cal Rf6e4]} 26. Bc2 Ba6 27. Bb3 {[#]} Nxd5 $1 {[%mdl 512]} 28. Rc2 (28. Rd1 $142 Nf4 29. Red2) (28. cxd5 Bxe2) 28... Nf4 $19 29. Nd2 Bb7 30. f3 Ne2+ (30... Bc6 $19 {aiming for ...Ne2+.} 31. Rcb2 Ne2+ 32. Kh2 Rab8) 31. Kh1 $2 (31. Kf2 $17 {might work better.} Nd4 32. Bxd4 exd4 33. Ba4) 31... Ng3+ 32. Kh2 Bf4 33. Kg1 Bc6 34. Ba2 (34. Rcb2 $142) 34... h5 35. Nf1 h4 {Strongly threatening ...e4.} 36. Nxg3 hxg3 37. Re1 (37. Re2 {was necessary.}) 37... Rab8 38. Bc3 Rb6 39. Rb2 Rxb2 40. Bxb2 Rb8 41. Bc3 g5 42. Kf1 Kf7 43. Re2 Bc1 44. Be1 Bxa3 45. Bxg3 a5 {[%cal Ba7a5,Ba5a4][%mdl 32]} 46. h4 gxh4 47. Bxh4 a4 48. Kf2 Bb2 49. Ke3 (49. Kf1 $142) 49... Bd4+ 50. Kd3 Ke6 51. Bf2 Be8 52. Bxd4 cxd4 {[%mdl 4096] Endgame KRB-KRB} 53. Kd2 Rb2+ 54. Ke1 a3 55. Rxb2 axb2 {KB-KB} 56. Bb1 Ba4 57. Kd2 Bb3 58. Kd3 Kd7 59. g3 Kc6 60. f4 Kc5 {Black mates.} 61. f5 Bxc4+ 62. Kc2 e4 63. Kxb2 e3 64. Kc2 d3+ {[%cal Bd4d3,Bd3d2][%mdl 32]} 65. Kc3 d2 66. Bc2 d5 67. Bd1 d4+ 68. Kc2 Kd6 69. g4 Ke5 70. Bf3 Bb5 {[%mdl 32768] Accuracy: White = 27%, Black = 75%. . An unexpected result.} 1/2-1/2

[Event "RUS-ch Men Rapid 2019"]
[Site "Sochi"]
[Date "2019.10.16"]
[Round "9.24"]
[White "Yatzenko, Anton"]
[Black "Vastrukhin, Oleg"]
[Result "1-0"]
[WhiteElo "2383"]
[BlackElo "2428"]
[Annotator "NA"]
[PlyCount "101"]
[EventDate "2019.10.15"]
[EventType "swiss"]
[EventCountry "RUS"]
[SourceTitle "playchess.com"]
[Source "ChessBase"]
[SourceQuality "1"]
[TimeControl "900+10"]

1. d4 {[%emt 0:00:00]} g6 {[%emt 0:00:00]} 2. Nf3 {[%emt 0:00:00]} Bg7 {[%emt 0:00:00]} 3. c3 {[%emt 0:00:04]} d6 {[%emt 0:00:00]} 4. Bg5 {[%emt 0:00:04]} c6 {[%emt 0:00:35]} 5. Nbd2 {[%emt 0:00:02]} h6 {[%emt 0:00:06]} 6. Bh4 {[%emt 0:00:02]} Nd7 {[%emt 0:00:03]} 7. e4 {[%emt 0:00:05]} Ngf6 {[%emt 0:00:25]} 8. Be2 {[%emt 0:00:02]} O-O {[%emt 0:00:12]} 9. O-O {[%emt 0:00:02]} e5 {[%emt 0:00:20]} 10. dxe5 {[%emt 0:00:03]} dxe5 {[%emt 0:00:03]} 11. Qc2 {[%emt 0:00:01]} Qc7 {[%emt 0:00:25]} 12. a4 {[%emt 0:00:05]} Nh5 {[%emt 0:00:28]} 13. Rfe1 {[%emt 0:00:02]} Nc5 {[%emt 0:00:34]} 14. b4 {[%emt 0:00:06]} Ne6 {[%emt 0:00:03]} 15. Nc4 {[%emt 0:00:04]} Nef4 {[%emt 0:00:14]} 16. Bf1 {[%emt 0:00:03]} Be6 {[%emt 0:00:47]} 17. Ne3 {[%emt 0:00:57]} Bf6 {[%emt 0:01:40]} 18. Bg3 {[%emt 0:00:26]} Rad8 {[%emt 0:00:42]} 19. Rad1 {[%emt 0:00:08]} a5 {[%emt 0:01:20]} 20. Bc4 {[%emt 0:00:08]} Bc8 {[%emt 0:02:36]} 21. Bf1 {[%emt 0:00:02]} axb4 {[%emt 0:01:12]} 22. cxb4 {[%emt 0:00:01]} Ne6 {[%emt 0:00:04]} 23. Nc4 {[%emt 0:00:25]} Nhf4 {[%emt 0:00:12]} 24. a5 {[%emt 0:00:13]} h5 {[%emt 0:00:12]} 25. h3 {[%emt 0:00:09]} Kg7 {[%emt 0:00:38]} 26. Rxd8 {[%emt 0:02:27]} Rxd8 {[%emt 0:00:01]} 27. Rd1 {[%emt 0:00:01]} Rh8 {[%emt 0:01:53]} 28. Nb6 {[%emt 0:01:01]} g5 {[%emt 0:00:18]} 29. b5 {[%emt 0:00:46]} g4 {[%emt 0:00:39]} 30. hxg4 {[%emt 0:00:03]} hxg4 {[%emt 0:00:01]} 31. Nh2 {[%emt 0:00:17]} c5 {[%emt 0:01:32]} 32. Nxg4 {[%emt 0:00:19]} Nd4 {[%emt 0:00:45]} 33. Rxd4 {[%emt 0:00:02]} Bxg4 {[%emt 0:00:01]} 34. Rc4 {[%emt 0:00:28]} Qd6 {[%emt 0:00:33]} 35. Rxc5 {[%emt 0:01:33]} Qd4 {[%emt 0:00:01]} 36. Nd5 {[%emt 0:00:53]} Nxd5 {[%emt 0:00:05]} 37. exd5 {[%emt 0:01:54]} Qa1 {[%emt 0:00:39]} 38. Qc1 {[%emt 0:00:29]} Qxa5 {[%emt 0:01:49]} 39. Bxe5 {[%emt 0:00:01]} Rh5 {[%emt 0:00:02]} 40. Bxf6+ {[%emt 0:00:09]} Kxf6 {[%emt 0:00:01]} 41. Qf4+ {[%emt 0:00:15]} Bf5 {[%emt 0:00:01]} 42. d6 {[%emt 0:00:46]} Qb6 {[%emt 0:00:29]} 43. Qd4+ {[%emt 0:01:02]} Kg6 {[%emt 0:00:08]} 44. Bd3 {[%emt 0:00:54]} f6 {[%emt 0:00:20]} 45. Bxf5+ {[%emt 0:00:08]} Rxf5 {[%emt 0:00:03]} 46. Qg4+ {[%emt 0:00:05]} Rg5 {[%emt 0:00:06]} 47. Rxg5+ {[%emt 0:00:13]} fxg5 {[%emt 0:00:01]} 48. Qe6+ {[%emt 0:00:11]} Kh5 {[%emt 0:00:12]} 49. Qe8+ {[%emt 0:00:09]} Kg4 {[%emt 0:00:14]} 50. d7 {[%emt 0:00:10]} Qc7 {[%emt 0:00:06]} 51. Qc8 {[%emt 0:00:15]} 1-0

[Event "RUS-ch Men Rapid 2019"]
[Site "Sochi"]
[Date "2019.10.16"]
[Round "9.25"]
[White "Belyakov, Bogdan"]
[Black "Gogolev, Artem"]
[Result "0-1"]
[WhiteElo "2495"]
[BlackElo "2328"]
[Annotator "ChessBase"]
[PlyCount "38"]
[EventDate "2019.10.15"]
[EventType "swiss"]
[EventCountry "RUS"]
[SourceTitle "playchess.com"]
[Source "ChessBase"]
[SourceQuality "1"]
[TimeControl "900+10"]

1. e4 {[%emt 0:00:00]} e5 {[%emt 0:00:03]} 2. Nf3 {[%emt 0:00:00]} Nc6 {[%emt 0:00:03]} 3. c3 {[%emt 0:00:00]} d5 {[%emt 0:00:17]} 4. Qa4 {[%emt 0:00:02]} dxe4 {[%emt 0:01:10]} 5. Nxe5 {[%emt 0:00:03]} Nf6 {[%emt 0:00:57]} 6. Bc4 {[%emt 0:00:48]} Be6 {[%emt 0:00:40]} 7. Nxc6 {[%emt 0:00:10]} bxc6 {[%emt 0:00:19]} 8. Bxe6 {[%emt 0:00:31]} fxe6 {[%emt 0:00:01]} 9. Qxc6+ {[%emt 0:00:02]} Kf7 {[%emt 0:00:01]} 10. O-O {[%emt 0:03:16]} Bd6 {[%emt 0:00:18]} 11. f3 {[%emt 0:01:10]} Rf8 {[%emt 0:00:38]} 12. fxe4 {[%emt 0:00:03]} Kg8 {[%emt 0:01:18]} 13. e5 {[%emt 0:07:01]} Ng4 {[%emt 0:00:12]} 14. Rxf8+ {[%emt 0:00:25]} Qxf8 {[%emt 0:00:07]} 15. Qf3 {[%emt 0:00:02]} Qxf3 {[%emt 0:01:12]} 16. gxf3 {[%emt 0:00:02]} Nxe5 {[%emt 0:00:01]} 17. d4 {[%emt 0:00:17]} Nxf3+ {[%emt 0:00:03]} 18. Kg2 {[%emt 0:00:01]} Ne1+ {[%emt 0:00:02]} 19. Kg1 {[%emt 0:01:03]} Nc2 {[%emt 0:00:03]} 0-1

[Event "RUS-ch Men Rapid 2019"]
[Site "Sochi"]
[Date "2019.10.16"]
[Round "9.26"]
[White "Potapov, Pavel"]
[Black "Chekletsov, Ilya"]
[Result "1/2-1/2"]
[WhiteElo "2489"]
[BlackElo "2377"]
[Annotator "TA"]
[PlyCount "126"]
[EventDate "2019.10.15"]
[EventType "swiss"]
[EventCountry "RUS"]
[SourceTitle "playchess.com"]
[Source "ChessBase"]
[SourceQuality "1"]

{[%evp 9,126,18,31,36,31,26,35,12,21,-26,26,24,18,34,38,0,8,10,9,8,27,27,22,0,0,0,0,0,0,0,0,0,0,0,0,5,11,8,7,12,16,0,0,0,0,0,0,0,0,0,0,0,0,0,0,0,0,-10,-28,-102,-103,-112,-108,-137,-133,-135,-137,-167,-168,-171,-136,-98,0,-173,0,-91,-31,-21,0,0,0,0,0,-27,0,0,0,0,0,0,0,-2,0,0,0,0,0,0,0,0,0,0,0,0,0,0,0,0,0,0,0,0,0,0,0,0,0,0,0]} 1. e4 c5 2. c3 d5 3. exd5 Qxd5 4. d4 Nf6 5. Nf3 Bf5 (5... e6 6. Bd3 Be7 7. O-O O-O 8. c4 Qd8 9. dxc5 Na6 10. Nc3 Nxc5 11. Bc2 Qxd1 12. Rxd1 b6 13. Ne5 {½-½ (13) Kryvoruchko,Y (2714)-Duda,J (2693) Chartres 2017}) 6. Na3 {B22: Sicilian: 2 c3} Nc6 7. Be3 e6 8. dxc5 {White is slightly better.} O-O-O 9. Bc4 Qxd1+ (9... Qe4 $5 {[%cal Rd8d1]} 10. Qe2 Nd5 $11) 10. Rxd1 Rxd1+ 11. Kxd1 Ne4 $146 ({Predecessor:} 11... Ng4 12. Nd4 Be4 13. Ke2 Bxc5 14. Nxe6 Bxa3 15. bxa3 {0-1 (63) Paraskevas,G (1634)-Alexakis,D (2232) Rio Achaea 2018}) 12. Nb5 Nxc5 13. Nbd4 Nxd4 14. Nxd4 Nd3 (14... Be4 {looks sharper.} 15. f3 Bg6 16. Ne2 e5 17. h4 Be7) 15. Bxd3 Bxd3 16. Kc1 Be4 17. f3 Bd5 18. b3 e5 19. Nb5 a6 20. Rd1 Be6 21. Bb6 {[%csl Gb6][%cal Rd1d8]} Be7 22. Nd6+ Kb8 23. Kb2 Rg8 24. Ne4 Rc8 25. b4 f5 26. Bc5 Rc7 27. Bxe7 Rxe7 $11 {[%mdl 4096] Endgame KRB-KRN} 28. Nc5 Kc7 29. a4 Bc4 30. a5 g5 31. Re1 h5 32. Kc2 g4 33. Nd3 Kd6 34. Nb2 (34. Rd1 $11 {remains equal.} Kc6 35. Re1) 34... Bd5 $1 $17 35. c4 {[#] Strongly threatening Rd1.} Bc6 $1 36. Rf1 f4 37. Nd3 Ke6 38. Kc3 {[#]} Kf5 $1 39. Rf2 Kg5 40. Re2 Kf5 (40... Kf6 $17 41. Ne1 Kf5) 41. Rf2 $19 Kg5 ({Black should try} 41... h4 $19 42. h3 gxh3 43. gxh3 Kf6) 42. Re2 $1 $17 {[%cal Re2e5]} e4 ({Better is} 42... Kf6 $17 43. Ne1 Kf5) 43. fxe4 $1 $15 f3 44. gxf3 gxf3 45. Re3 Bxe4 46. b5 {[#]} Bxd3 $1 {[%mdl 512]} 47. Kxd3 $11 {KR-KR. The position is equal.} Rf7 {aiming for ...f2.} (47... f2 $5 48. Rf3 $8 axb5 $11) 48. Re1 $1 Kf4 (48... f2 $5 49. Rf1 $8 Kg4 $11) 49. Re4+ Kg5 {White must now prevent ...f2.} 50. Re1 axb5 51. cxb5 Kf4 {Threatens to win with ...f2.} (51... f2 $5 52. Rf1 $8 Kg4 $11) 52. Re4+ $1 Kg5 {Hoping for ...f2.} 53. Re1 Kg4 (53... f2 $5 54. Rf1 $8 Rf5 $11) 54. Ke3 $1 Rf5 (54... f2 $5 55. Rf1 $8 Rf5 $11) 55. a6 Re5+ (55... f2 $5 56. Rf1 $8 Re5+ 57. Kxf2 Rxb5 58. axb7 (58. a7 Ra5 $11) 58... Rxb7 $11) 56. Kf2 Rxb5 {And now ...Rb2+ would win.} 57. axb7 Rb2+ 58. Ke3 Rb3+ 59. Kf2 Kf4 60. Re7 Rb2+ 61. Kf1 h4 62. Rg7 Rb1+ 63. Kf2 Rb2+ {Accuracy: White = 69%, Black = 65%.} 1/2-1/2

[Event "RUS-ch Men Rapid 2019"]
[Site "Sochi"]
[Date "2019.10.16"]
[Round "9.27"]
[White "Nazaretyan, Tigran"]
[Black "Shubin, Kirill"]
[Result "0-1"]
[WhiteElo "2297"]
[BlackElo "2416"]
[Annotator "NA RC"]
[PlyCount "112"]
[EventDate "2019.10.15"]
[EventType "swiss"]
[EventCountry "RUS"]
[SourceTitle "playchess.com"]
[Source "ChessBase"]
[SourceQuality "1"]
[TimeControl "900+10"]

1. d4 e6 2. c4 Nf6 3. Nf3 b6 4. a3 Bb7 5. Nc3 Ne4 6. Nxe4 Bxe4 7. Nd2 Bb7 8. e4 g6 9. Bd3 Bg7 10. Nf3 O-O 11. Bg5 Qe8 12. Qd2 Nc6 13. Bh6 d6 14. h4 f5 15. h5 Qe7 16. hxg6 hxg6 17. exf5 exf5+ 18. Kf1 Rae8 19. c5 d5 20. Re1 Qf6 21. Bg5 Qf7 22. Rxe8 Rxe8 23. b4 Nxd4 24. Nxd4 Bxd4 25. Bb5 bxc5 26. bxc5 Bg7 27. Bxe8 Qxe8 28. Rh3 d4 29. Qa2+ Kf8 30. Bh6 Qe4 31. f3 Ba6+ 32. Kf2 Qe5 33. Bxg7+ Kxg7 34. Qd2 f4 35. Rh1 Qe3+ 36. Qxe3 fxe3+ 37. Ke1 Kf6 38. Rh7 d3 39. Rxc7 d2+ 40. Kd1 Bc4 41. Rd7 Ke5 42. a4 Bb3+ 43. Ke2 Bxa4 44. c6 Bxc6 45. Re7+ Kd4 46. Rxa7 Bb5+ 47. Kd1 g5 48. Ra8 Bc4 49. Ra3 Bg8 50. Ke2 Bc4+ 51. Kd1 Bb5 52. Kc2 Be2 53. Ra4+ Ke5 54. Ra1 Kf4 55. Ra4+ Kg3 56. Rg4+ Kf2 0-1

[Event "RUS-ch Men Rapid 2019"]
[Site "Sochi"]
[Date "2019.10.16"]
[Round "9.28"]
[White "Pogromsky, Mikhail"]
[Black "Usmanov, Ilnur"]
[Result "1-0"]
[WhiteElo "2411"]
[BlackElo "2144"]
[Annotator "NA"]
[PlyCount "63"]
[EventDate "2019.10.15"]
[EventType "swiss"]
[EventCountry "RUS"]
[SourceTitle "playchess.com"]
[Source "ChessBase"]
[SourceQuality "1"]
[TimeControl "900+10"]

1. Nf3 {[%emt 0:00:00]} d5 {[%emt 0:00:00]} 2. d4 {[%emt 0:00:00]} Nf6 {[%emt 0:00:00]} 3. c4 {[%emt 0:00:12]} c6 {[%emt 0:00:01]} 4. Qc2 {[%emt 0:00:10]} g6 {[%emt 0:00:03]} 5. e3 {[%emt 0:00:26]} Bf5 {[%emt 0:00:50]} 6. Qb3 {[%emt 0:00:22]} Qb6 {[%emt 0:00:17]} 7. Nc3 {[%emt 0:00:19]} Nbd7 {[%emt 0:02:06]} 8. Bd2 {[%emt 0:01:46]} Bg7 {[%emt 0:01:35]} 9. Qxb6 {[%emt 0:03:43]} Nxb6 {[%emt 0:00:36]} 10. cxd5 {[%emt 0:00:53]} Nbxd5 {[%emt 0:02:22]} 11. Nxd5 {[%emt 0:00:05]} Nxd5 {[%emt 0:01:42]} 12. Rc1 {[%emt 0:00:07]} O-O {[%emt 0:00:27]} 13. Bc4 {[%emt 0:00:40]} Rad8 {[%emt 0:01:26]} 14. Ke2 {[%emt 0:00:30]} Bg4 {[%emt 0:00:49]} 15. h3 {[%emt 0:01:33]} Bxf3+ {[%emt 0:00:02]} 16. Kxf3 {[%emt 0:00:06]} e5 {[%emt 0:00:05]} 17. dxe5 {[%emt 0:00:15]} Nb6 {[%emt 0:01:54]} 18. Ba5 {[%emt 0:02:52]} Nxc4 {[%emt 0:00:42]} 19. Rxc4 {[%emt 0:00:01]} Rd5 {[%emt 0:00:03]} 20. Bc3 {[%emt 0:00:01]} Bxe5 {[%emt 0:00:31]} 21. e4 {[%emt 0:02:03]} Rd3+ {[%emt 0:00:19]} 22. Ke2 {[%emt 0:00:05]} Rfd8 {[%emt 0:00:01]} 23. Bxe5 {[%emt 0:00:30]} Rd2+ {[%emt 0:00:01]} 24. Kf3 {[%emt 0:00:12]} R8d3+ {[%emt 0:00:08]} 25. Kg4 {[%emt 0:00:11]} Rxf2 {[%emt 0:00:10]} 26. g3 {[%emt 0:00:19]} f6 {[%emt 0:00:49]} 27. Rd4 {[%emt 0:01:02]} h5+ {[%emt 0:00:57]} 28. Kh4 {[%emt 0:00:02]} Rxd4 {[%emt 0:01:19]} 29. Bxd4 {[%emt 0:00:03]} Rf3 {[%emt 0:00:00]} 30. g4 {[%emt 0:00:25]} g5+ {[%emt 0:00:32]} 31. Kxh5 {[%emt 0:00:02]} Rd3 {[%emt 0:00:01]} 32. Bxf6 {[%emt 0:00:03]} 1-0

[Event "RUS-ch Men Rapid 2019"]
[Site "Sochi"]
[Date "2019.10.16"]
[Round "9.29"]
[White "Ulybin, Mikhail"]
[Black "Kurbedinov, Ramis"]
[Result "1-0"]
[WhiteElo "2455"]
[BlackElo "2280"]
[Annotator "ChessBase"]
[PlyCount "50"]
[EventDate "2019.10.15"]
[EventType "swiss"]
[EventCountry "RUS"]
[SourceTitle "playchess.com"]
[Source "ChessBase"]
[SourceQuality "1"]
[TimeControl "900+10"]

1. d4 {[%emt 0:00:00]} Nf6 {[%emt 0:00:00]} 2. c4 {[%emt 0:00:05]} e6 {[%emt 0:00:00]} 3. g3 {[%emt 0:00:07]} d5 {[%emt 0:00:10]} 4. Bg2 {[%emt 0:00:08]} Be7 {[%emt 0:00:01]} 5. Nf3 {[%emt 0:00:08]} O-O {[%emt 0:00:04]} 6. O-O {[%emt 0:00:05]} dxc4 {[%emt 0:00:15]} 7. Qc2 {[%emt 0:00:18]} a6 {[%emt 0:00:09]} 8. Qxc4 {[%emt 0:00:11]} b5 {[%emt 0:00:02]} 9. Qc2 {[%emt 0:00:06]} Bb7 {[%emt 0:00:02]} 10. Bd2 {[%emt 0:00:07]} Be4 {[%emt 0:00:49]} 11. Qc1 {[%emt 0:00:06]} Nbd7 {[%emt 0:00:59]} 12. Ba5 {[%emt 0:00:27]} Ra7 {[%emt 0:00:32]} 13. Nbd2 {[%emt 0:00:10]} Bd5 {[%emt 0:00:40]} 14. Re1 {[%emt 0:02:42]} Qa8 {[%emt 0:00:03]} 15. e4 {[%emt 0:00:50]} Bb7 {[%emt 0:01:24]} 16. b4 {[%emt 0:01:29]} Rd8 {[%emt 0:06:40]} 17. Qc3 {[%emt 0:03:36]} Nb8 {[%emt 0:00:35]} 18. Ne5 {[%emt 0:01:20]} Nfd7 {[%emt 0:00:26]} 19. Nb3 {[%emt 0:01:04]} Nxe5 {[%emt 0:00:26]} 20. dxe5 {[%emt 0:00:03]} Nc6 {[%emt 0:00:10]} 21. Rad1 {[%emt 0:01:12]} Rxd1 {[%emt 0:00:49]} 22. Rxd1 {[%emt 0:00:04]} Nxa5 {[%emt 0:00:01]} 23. Nxa5 {[%emt 0:00:15]} Bxe4 {[%emt 0:00:07]} 24. Bxe4 {[%emt 0:00:31]} Qxe4 {[%emt 0:00:01]} 25. Nc6 {[%emt 0:00:05]} Bf8 1-0